000 00797nam a2200289Ia 4500
001 7597
005 20240113234024.0
007 ta
008 170429s1988 ii a g b000 u 465 u
020 _cHB
040 _aCotton College,Assam
041 _aeng
082 _a320.954
_bPa 192 In
100 _aPanda, Snehalata .
245 0 _aIndian Politics: A Study of People`s Involvement /
_cSnehalata Panda.
_hTextual Documents
250 _a1st ed. /
260 _aNew Delhi :
_bArchives Publishers Distributors ,
_c1988.
300 _av, 110p :
_bill. ;
_c22cm .
504 _aBib.
653 _aPolitical Science
653 _aPolitics-India
653 _aIndian Politics
653 _aPG-Political Science
942 _2ddc
_cBK
999 _c7584
_d7584